| 000 | 00420nam a22001577a 4500 | ||
|---|---|---|---|
| 005 | 20240130054039.0 | ||
| 008 | 240130b |||||||| |||| 00| 0 eng d | ||
| 020 | _a9555720045 | ||
| 082 |
_222 _a305.8 _bSEA. |
||
| 100 | _aRetd Seneviratne, mark | ||
| 245 |
_aSearch for a Tamil homeland :. _cSeneviratne maark. |
||
| 260 |
_aSri Lanka, _bSwastika ( Pvt) LTD, _c1995 |
||
| 300 | _a57 p, | ||
| 650 | _a politics. | ||
| 942 | _cL | ||
| 999 |
_c244 _d244 |
||